FOOT - Joueurs les plus Capés du Bayern Munich (expert) - Statistiques

Statistiques générales
  • Ce quiz a été pris 27 fois
  • Le résultat moyen est 16 sur 50
Statistiques - réponses
Hint Réponse % Correct
425 Franck Ribéry
96%
613 Gerd Müller
96%
756 Thomas Müller
96%
309 Arjen Robben
92%
590 Manuel Neuer
92%
517 Philipp Lahm
84%
482 Joshua Kimmich
80%
375 Robert Lewandowski
80%
632 Oliver Kahn
76%
363 Jérôme Boateng
72%
584 Franz Beckenbauer
64%
339 Kingsley Coman
64%
273 Bixente Lizarazu
60%
431 David Alaba
56%
500 Bastian Schweinsteiger
52%
410 Lothar Matthäus
48%
319 Serge Gnabry
48%
301 Leon Goretzka
44%
422 Karl-Heinz Rummenigge
40%
268 Javi Martínez
32%
277 Willy Sagnol
32%
327 Claudio Pizarro
28%
266 Giovane Élber
28%
302 Dieter Hoeneß
16%
266 Rafinha
16%
341 Uli Hoeneß
16%
551 Klaus Augenthaler
8%
259 Martín Demichelis
8%
352 Paul Breitner
8%
709 Sepp Maier
8%
308 Alexander Zickler
4%
440 Franz Roth
4%
365 Hasan Salihamidzic
4%
469 Mehmet Scholl
4%
249 Thomas Linke
4%
511 Bernd Dürnberger
0%
361 Dieter Brenninger
0%
554 Georg Schwarznbeck
0%
371 Hans Pflügler
0%
261 Markus Babbel
0%
272 Norbert Nachtweih
0%
282 Peter Kupferschmidt
0%
268 Raimond Aumann
0%
361 Rainer Ohlhauser
0%
256 Rainer Zobel
0%
332 Roland Wohlfarth
0%
277 Samuel Kuffour
0%
332 Udo Horsmann
0%
327 Werner Olk
0%
248 Zé Roberto
0%
Aucun quiz correspondant
Distribution des résultats
% des personnes avec chaque résultat
Percentile par nombre de réponses
Votre historique - résultats
Vous n’avez pas pris ce quiz